Central Library OPAC University of Rajshahi

Grass Roots / (Record no. 40792)

MARC details
000 -LEADER
fixed length control field 00604nam a2200217 a 4500
001 - CONTROL NUMBER
control field 40792
003 - CONTROL NUMBER IDENTIFIER
rucl marc code BD-RjUL
005 - DATE AND TIME OF LATEST TRANSACTION
control field 20211209053259.0
008 - FIXED-LENGTH DATA ELEMENTS--GENERAL INFORMATION
fixed length control field 160510s1965 nyu||||| |||| 001 0 eng d
035 ## - SYSTEM CONTROL NUMBER
System control number (BD-RjUL) 40907
040 ## - CATALOGING SOURCE
Original cataloging agency BD-RjUL
Language of cataloging eng
Transcribing agency BD-RjUL
041 ## - LANGUAGE CODE
Language code of text/sound track or separate title eng
082 ## - DEWEY DECIMAL CLASSIFICATION NUMBER
Edition number 23
Classification number 352.073
Author mark and year MAG 1965
100 1# - MAIN ENTRY--PERSONAL NAME
Personal name Martin, Roscoe C.
9 (RLIN) 125524
245 10 - TITLE STATEMENT
Title Grass Roots /
Statement of responsibility, etc. Roscoe C. Martin
250 ## - EDITION STATEMENT
Edition statement 2nd edi.
260 ## - PUBLICATION, DISTRIBUTION, ETC. (IMPRINT)
Place of publication, distribution, etc. New York :
Name of publisher, distributor, etc. Happer Colophon Books,
Date of publication, distribution, etc. 1965
300 ## - PHYSICAL DESCRIPTION
Pagination v, 103 p. ;
Size 21 cm.
650 ## - SUBJECT ADDED ENTRY--TOPICAL TERM
Topical term or geographic name as entry element Local government
Geographic subdivision United States
9 (RLIN) 125525
942 ## - ADDED ENTRY ELEMENTS (KOHA)
Source of classification or shelving scheme Dewey Decimal Classification
Koha item type Books
Holdings
Lost status Source of classification or shelving scheme Damaged status Not for loan Collection code Permanent Location Current Location Shelving location Date acquired Source of acquisition Total Checkouts Full call number Date last seen Copy number Koha item type
  Dewey Decimal Classification   Not For Loan Non-fiction Central Library, University of Rajshahi Central Library, University of Rajshahi Reading Room 18/01/1975 M. Obiidul Huq   352.073 MAG 1965 10/05/2016 C-1 Books